LEADER 02638oas 2200781 a 450 001 9910142287703321 005 20250609213026.0 011 $a1911-1487 035 $a(OCoLC)1083312551 035 $a(CONSER)cn2006704553 035 $a(CKB)1000000000318864 035 $a(EXLCZ)991000000000318864 100 $a20060821a20069999 sa b 101 0 $afre 135 $aurcn||||||||| 181 $ctxt$2rdacontent/fre 182 $cc$2rdamedia/fre 200 00$aBulletin des varie?te?s ve?ge?tales 210 $aOttawa $cAgence canadienne d'inspection des aliments, Bureau de la protection des obtensions ve?ge?tales$d[2006]- 300 $aTitre de l'e?cran-titre (visionne? le 21 aou?t 2006). 300 $aDiffuse? par le Programme des services de de?po?t du Gouvernement du Canada. 606 $aPlant varieties$zCanada$vPatents$vPeriodicals 606 $aPlants, Cultivated$zCanada$vPatents$vPeriodicals 606 $aPlant varieties$zCanada$vPatents$vPeriodicals 606 $aPlants, Cultivated$zCanada$vPatents$vPeriodicals 606 $aObtentions ve?ge?tales$zCanada$vPe?riodiques 606 $aPlant varieties$2fast$3(OCoLC)fst01065730 606 $aPlants, Cultivated$2fast$3(OCoLC)fst01066149 606 $aSe?lection ve?ge?tale$2rasuqam 606 $aVarie?te? ve?ge?tale$2rasuqam 607 $aCanada$2fast$1https://id.oclc.org/worldcat/entity/E39PBJkMHVW4rfVXPrhVP4VwG3 607 $aCanada$2rasuqam 608 $aPatents.$2fast 608 $aPeriodicals.$2fast 608 $aPublications officielles.$2rvmgf 608 $aPe?riodique e?lectronique (Descripteur de forme)$2rasuqam 608 $aRessource Internet (Descripteur de forme)$2rasuqam 615 0$aPlant varieties 615 0$aPlants, Cultivated 615 04$aPlant varieties 615 04$aPlants, Cultivated 615 6$aObtentions ve?ge?tales 615 7$aPlant varieties. 615 7$aPlants, Cultivated. 615 7$aSe?lection ve?ge?tale. 615 7$aVarie?te? ve?ge?tale. 676 $a346.7104 686 $acci1icc$2lacc 686 $acoll11$2lacc 686 $acoll14$2lacc 712 02$aCanada.$bBureau de la protection des obtentions ve?ge?tales. 801 0$bNLC 801 1$bNLC 801 2$bOCLCO 801 2$bOCLCF 801 2$bOCLCQ 801 2$bU3Q 801 2$bOCLCO 801 2$bOCLCQ 801 2$bCGC 801 2$bUQ1 801 2$bOCLCQ 801 2$bOCLCL 801 2$bORU 906 $aJOURNAL 912 $a9910142287703321 996 $aBulletin des variétés végétales$92093911 997 $aUNINA